[Event "6th Sharjah Masters 2023"]
[Site "Sharjah UAE"]
[Date "2023.05.20"]
[Round "4.15"]
[White "Asis Gargatagli, Hipolito"]
[Black "Korobov, Anton"]
[Result "1/2-1/2"]
[WhiteTitle "GM"]
[BlackTitle "GM"]
[WhiteElo "2519"]
[BlackElo "2664"]
[WhiteFideId "2260735"]
[BlackFideId "14105730"]
[EventDate "2023.05.17"]
[EventType "swiss"]

1. e4 e5 2. Nf3 Nc6 3. Bb5 a6 4. Ba4 Nf6 5. O-O Be7 6. d3 b5 7. Bb3 d6 8. c3 O-O
9. a4 Bd7 10. Bc2 b4 11. Re1 Rb8 12. h3 Qc8 13. Nbd2 bxc3 14. bxc3 h6 15. d4
exd4 16. cxd4 Nb4 17. Bb1 c5 18. dxc5 dxc5 19. Nc4 Be6 20. Qe2 Bxc4 21. Qxc4 Qe6
22. Qe2 Rfd8 23. e5 Nh7 24. Qe4 Nf8 25. Bd2 a5 26. Ra3 Rd7 27. Rc3 Rbd8 28. Be3
Rd1 29. Bxc5 Bxc5 30. Rxc5 Qb3 31. Rc1 Qxa4 32. Kh2 Rxc1 33. Rxc1 Qa3 34. Rc7
Qb3 35. Ra7 Rd1 36. e6 Qxe6 37. Qxe6 Nxe6 38. Be4 g6 39. Rxa5 f5 40. Bb7 Kg7 41.
Ba6 Nxa6 42. Rxa6 Nc5 43. Rc6 Nd3 44. Nh4 Ne5 45. Ra6 f4 46. g3 fxg3+ 47. Kxg3
Kf7 1/2-1/2

[Event "6th Sharjah Masters 2023"]
[Site "Sharjah UAE"]
[Date "2023.05.20"]
[Round "4.16"]
[White "Mchedlishvili, Mikheil"]
[Black "Cheparinov, Ivan"]
[Result "1/2-1/2"]
[WhiteTitle "GM"]
[BlackTitle "GM"]
[WhiteElo "2553"]
[BlackElo "2660"]
[WhiteFideId "13600966"]
[BlackFideId "2905540"]
[EventDate "2023.05.17"]
[EventType "swiss"]

1. e4 e5 2. Nf3 Nc6 3. Nc3 Nf6 4. Bb5 Nd4 5. Nxd4 exd4 6. e5 dxc3 7. exf6 Qxf6
8. dxc3 Qe5+ 9. Qe2 Qxe2+ 10. Bxe2 Bc5 11. O-O O-O 12. Re1 d5 13. Bf4 Bb6 14. c4
Be6 15. cxd5 Bxd5 16. a3 Rfe8 1/2-1/2

[Event "6th Sharjah Masters 2023"]
[Site "Sharjah UAE"]
[Date "2023.05.20"]
[Round "4.17"]
[White "Narayanan, S.L."]
[Black "Kadric, Denis"]
[Result "1/2-1/2"]
[WhiteTitle "GM"]
[BlackTitle "GM"]
[WhiteElo "2660"]
[BlackElo "2601"]
[WhiteFideId "5058422"]
[BlackFideId "14403803"]
[EventDate "2023.05.17"]
[EventType "swiss"]

1. d4 Nf6 2. c4 g6 3. Nc3 Bg7 4. e4 d6 5. Nf3 O-O 6. Be2 e5 7. O-O Na6 8. Be3
Qe7 9. Qc2 exd4 10. Nxd4 c6 11. Rad1 Re8 12. f3 d5 13. cxd5 Nb4 14. Qc1 cxd5 15.
Bg5 dxe4 16. fxe4 Qe5 17. Kh1 Ng4 18. Bf4 Qc5 19. Ndb5 Be5 20. Bxe5 Qxe5 21. Rf4
h5 22. a3 Nc6 23. h3 Nf6 24. Rdf1 Be6 25. Rxf6 a6 26. Bxh5 Qxh5 27. Rxe6 fxe6
28. Nc7 Qe5 29. Nxa8 Rxa8 30. Qh6 Qg7 31. Qg5 Rf8 32. Rd1 Ne5 33. Ne2 Qf6 34.
Qg3 Kg7 35. Nd4 Rf7 36. Qb3 Re7 37. Kg1 Nf7 38. Nf3 Ng5 39. Nxg5 Qxg5 40. Qc3+
e5 41. Rf1 Qh4 42. Qf3 Kh7 43. Qf6 Qxf6 44. Rxf6 Kh6 45. Kf2 Kg5 46. Rb6 Kf4 47.
Rxg6 Kxe4 48. Ke2 Rc7 49. Rg4+ Kd5 50. Kd3 Rc1 51. h4 Rh1 52. g3 b5 53. Rg8 e4+
54. Ke3 Re1+ 55. Kd2 Rb1 56. h5 Rxb2+ 57. Ke3 Rb3+ 58. Kf4 Rf3+ 59. Kg4 Rf1 60.
h6 Rh1 61. Kg5 e3 62. Re8 Kd4 63. Kg6 Rg1 64. h7 Rxg3+ 65. Kf5 Rh3 66. h8=Q+
Rxh8 67. Rxh8 e2 68. Rh1 1/2-1/2

[Event "6th Sharjah Masters 2023"]
[Site "Sharjah UAE"]
[Date "2023.05.20"]
[Round "4.18"]
[White "Dardha, Daniel"]
[Black "Jumabayev, Rinat"]
[Result "1-0"]
[WhiteTitle "GM"]
[BlackTitle "GM"]
[WhiteElo "2631"]
[BlackElo "2590"]
[WhiteFideId "240990"]
[BlackFideId "13702661"]
[EventDate "2023.05.17"]
[EventType "swiss"]

1. Nf3 d5 2. g3 c5 3. Bg2 Nf6 4. O-O g6 5. c4 Bg7 6. Qa4+ Qd7 7. Qxd7+ Nbxd7 8.
cxd5 Nxd5 9. Nc3 N7b6 10. Ng5 Nb4 11. Nge4 c4 12. b3 Bg4 13. Rb1 Rc8 14. h3 Bf5
15. g4 Be6 16. bxc4 Rxc4 17. Nb5 Nxa2 18. Ba3 Rc2 19. Nc5 Bc4 20. Nxa7 Bxe2 21.
Rfe1 Nc4 22. Bc6+ Kf8 23. Nd7+ Kg8 24. Bxe7 Bb2 25. Rxb2 Rxb2 26. Rxe2 Nc3 27.
Re1 Rxd2 28. Bf6 Ne2+ 29. Kf1 Ne3+ 30. fxe3 Ng3+ 31. Kg1 h5 32. Bxh8 Kxh8 33.
Bb5 hxg4 34. hxg4 Kg7 35. Ne5 f5 36. g5 Ne4 37. Nf3 Ra2 38. Nc8 Rc2 39. Bd7 b5
40. Nd4 Rd2 41. Bxb5 Nxg5 42. Re2 Rd1+ 43. Kg2 Ne4 44. Bc6 Nc5 45. Ne7 f4 46.
Nf3 fxe3 47. Rxe3 Rd6 48. Bd5 Kf6 49. Bc4 Rd7 50. Nd5+ Kg7 51. Re7+ Rxe7 52.
Nxe7 Kf6 53. Nd5+ Kf5 54. Ba2 g5 55. Bb1+ Ke6 56. Ne3 Kf6 57. Ng4+ Ke6 58. Kf2
Kd5 59. Nxg5 Na4 60. Ne3+ Ke5 61. Ne4 Nb6 62. Ke2 Kd4 63. Bd3 Ke5 64. Kd2 Kf4
65. Nd1 Nd7 66. Kc3 Ne5 67. Bc2 Nf3 68. Nc5 Ng5 69. Kd4 Nf3+ 70. Kd5 Ne1 71.
Nd3+ 1-0

[Event "6th Sharjah Masters 2023"]
[Site "Sharjah UAE"]
[Date "2023.05.20"]
[Round "4.19"]
[White "Petrosyan, Manuel"]
[Black "Tin, Jingyao"]
[Result "1/2-1/2"]
[WhiteTitle "GM"]
[BlackTitle "GM"]
[WhiteElo "2629"]
[BlackElo "2576"]
[WhiteFideId "13300857"]
[BlackFideId "5804418"]
[EventDate "2023.05.17"]
[EventType "swiss"]

1. e4 e5 2. Nf3 Nc6 3. Bc4 Nf6 4. d3 Bc5 5. c3 d6 6. O-O a5 7. Re1 O-O 8. h3 h6
9. Nbd2 Ba7 10. Nf1 Ne7 11. d4 Ng6 12. Ng3 c6 13. Bd3 Nh7 14. Nf5 Re8 15. Be3
Ng5 16. Nxg5 hxg5 17. g3 Nf8 18. Qg4 Nh7 19. h4 Bxf5 20. Qxf5 gxh4 21. Kg2 g6
22. Qh3 exd4 23. cxd4 Qf6 24. Qxh4 Bxd4 25. Qxf6 Bxf6 26. Re2 Nf8 27. Rd1 Ne6
28. Bb1 Red8 29. a4 d5 30. exd5 cxd5 31. Bd3 d4 32. Bf4 Nc5 33. Bb5 d3 34. Red2
Rac8 35. Bxd3 Nxa4 36. Be4 Rxd2 37. Rxd2 b6 38. Bb7 Rf8 39. b3 Nc5 40. Bd5 Rd8
41. Bc4 Rxd2 42. Bxd2 Bd4 43. Kf3 Kg7 44. b4 axb4 45. Bxb4 Nd7 46. Bb5 Ne5+ 47.
Ke4 Bb2 48. Bd6 f5+ 49. Kd5 Ng4 50. f3 Ne3+ 51. Ke6 Nc2 52. Kd5 Bf6 53. Be2 Kf7
54. Bc7 Nd4 55. Bd3 Nxf3 56. Bxb6 Bc3 57. Bc7 Kf6 58. Be2 Nd2 59. g4 Kg5 60.
gxf5 gxf5 61. Ke6 Nb3 62. Bd8+ Kf4 63. Bc7+ Ke4 64. Bd3+ Kxd3 65. Kxf5 Nd4+ 66.
Kf6 Be1 67. Be5 Bh4+ 68. Kf7 Nc6 69. Bf6 Bg3 70. Ke6 Ke4 71. Bc3 Na7 72. Bf6 Nb5
73. Bb2 Nc7+ 74. Ke7 Nd5+ 75. Kd7 Nb4 76. Bc3 Nd5 77. Bb2 Ne3 78. Kc6 Bh4 79.
Bh8 Be7 80. Kd7 Ba3 81. Ke6 Nd5 82. Kd7 Ne3 83. Kc6 Nf5 84. Bf6 Bf8 85. Bb2 Ne7+
86. Kd7 Nd5 87. Bh8 Nf4 88. Kc6 Nd3 89. Bc3 Be7 90. Bg7 Ne5+ 91. Bxe5 1/2-1/2

[Event "6th Sharjah Masters 2023"]
[Site "Sharjah UAE"]
[Date "2023.05.20"]
[Round "4.20"]
[White "Theodorou, Nikolas"]
[Black "Chigaev, Maksim"]
[Result "1-0"]
[WhiteTitle "GM"]
[BlackTitle "GM"]
[WhiteElo "2591"]
[BlackElo "2628"]
[WhiteFideId "4262875"]
[BlackFideId "4108116"]
[EventDate "2023.05.17"]
[EventType "swiss"]

1. Nf3 d5 2. b3 Nf6 3. Bb2 g6 4. c4 c6 5. g3 Bg7 6. Bg2 O-O 7. O-O Bg4 8. d4
Bxf3 9. Bxf3 e6 10. Nc3 Nbd7 11. e3 Re8 12. Bg2 a5 13. Qe2 Qb6 14. Rfd1 Qa6 15.
Rab1 Red8 16. Bf1 Rac8 17. a3 Qa8 18. Bg2 Qa6 19. Bf1 Qa8 20. e4 Nxe4 21. Nxe4
dxe4 22. Qxe4 Nf6 23. Qe2 Rc7 24. Bg2 Rcd7 25. Rd3 a4 26. b4 Qa6 27. Qc2 Ne8 28.
Bf1 b5 29. cxb5 cxb5 30. Rdd1 Nc7 31. Qe2 Rb8 32. Rbc1 Nd5 33. Rc5 Rdb7 34. Rdc1
Rb6 35. Bg2 h5 36. Bxd5 exd5 37. Rxd5 Re6 38. Qf1 Rbe8 39. Rxb5 Re2 40. Rbc5 Bh6
41. Rc8 Rxc8 42. Rxc8+ Qxc8 43. Qxe2 h4 44. d5 h3 45. Qe5 Kh7 46. d6 Qa8 47. f3 1-0

[Event "6th Sharjah Masters 2023"]
[Site "Sharjah UAE"]
[Date "2023.05.20"]
[Round "4.21"]
[White "Sethuraman, S.P."]
[Black "Galperin, Platon"]
[Result "0-1"]
[WhiteTitle "GM"]
[BlackTitle "GM"]
[WhiteElo "2626"]
[BlackElo "2528"]
[WhiteFideId "5021596"]
[BlackFideId "14165414"]
[EventDate "2023.05.17"]
[EventType "swiss"]

1. e4 c5 2. Nf3 e6 3. d4 cxd4 4. Nxd4 Nc6 5. Nc3 a6 6. Be3 Nf6 7. a3 b5 8. Nxc6
dxc6 9. Qxd8+ Kxd8 10. O-O-O+ Kc7 11. Bf4+ Kb6 12. Be2 Bb7 13. h4 c5 14. Bf3 Bc6
15. Rh3 Be7 16. e5 Nd7 17. Ne4 f6 18. exf6 gxf6 19. Bd6 Rae8 20. Nc3 f5 21. a4
Bxf3 22. Rxf3 b4 23. Ne2 Kc6 24. Bxe7 Rxe7 25. Rfd3 Nb6 26. Rd6+ Kc7 27. Nf4
Rhe8 28. b3 a5 29. R6d3 Rd7 30. Rg3 c4 31. Re1 e5 32. Rg5 cxb3 33. Rxf5 Kb7 34.
Re2 bxc2 35. Rfxe5 b3 36. Rxe8 Rd1+ 0-1

[Event "6th Sharjah Masters 2023"]
[Site "Sharjah UAE"]
[Date "2023.05.20"]
[Round "4.22"]
[White "Azarov, Sergei"]
[Black "Indjic, Aleksandar"]
[Result "1-0"]
[WhiteTitle "GM"]
[BlackTitle "GM"]
[WhiteElo "2582"]
[BlackElo "2618"]
[WhiteFideId "13501470"]
[BlackFideId "911925"]
[EventDate "2023.05.17"]
[EventType "swiss"]

1. e4 e6 2. d4 d5 3. e5 c5 4. c3 Nc6 5. Nf3 Bd7 6. Be2 Qc7 7. O-O f6 8. c4 cxd4
9. cxd5 exd5 10. Bb5 fxe5 11. Bxc6 bxc6 12. Nxe5 Nf6 13. Re1 Bb4 14. Bd2 Bd6 15.
Ba5 Qxa5 16. Nc4+ Qxe1+ 17. Qxe1+ Be7 18. Nd6+ Kf8 19. Qe5 Ng4 20. Qg3 h5 21.
Qf3+ Bf6 22. Nd2 Ne5 23. Qb3 Kg8 24. Re1 Kh7 25. f4 Ng4 26. Qd3+ Kg8 27. Nf3 Rh6
28. Qb3 Rd8 29. Ne4 Be7 30. Nxd4 Rg6 31. h3 Nh6 32. Nf2 Bd6 33. Qc2 Rf6 34. Nd3
Nf5 35. Nf3 Ng3 36. Nfe5 Bf5 37. Qa4 c5 38. Qxa7 Bxd3 39. Nxd3 c4 40. Qa5 Rc8
41. Qxd5+ Kh7 42. Ne5 h4 43. Nd7 Rh6 44. Ne5 Bb4 45. Qb7 Bc5+ 46. Kh2 Rf8 47.
Nf7 Rg6 48. Qd5 Bf2 49. Rd1 Rf6 50. Ng5+ Kh8 51. Qxc4 Rxf4 52. Qxf4 Nf1+ 53.
Rxf1 Rxf4 54. Kh1 g6 55. a4 Rf5 56. Ne4 Bd4 57. Rxf5 gxf5 58. Nc3 Kg7 59. a5 Kf7
60. Nb5 1-0

[Event "6th Sharjah Masters 2023"]
[Site "Sharjah UAE"]
[Date "2023.05.20"]
[Round "4.23"]
[White "Harsha, Bharathakoti"]
[Black "Aditya, Mittal"]
[Result "1/2-1/2"]
[WhiteTitle "GM"]
[BlackTitle "GM"]
[WhiteElo "2602"]
[BlackElo "2522"]
[WhiteFideId "5078776"]
[BlackFideId "35042025"]
[EventDate "2023.05.17"]
[EventType "swiss"]

1. b3 d5 2. Bb2 Bg4 3. f3 Bh5 4. h4 f6 5. d4 e6 6. e3 c5 7. Ne2 Nc6 8. Nbc3 Bd6
9. Qd2 a6 10. O-O-O Nge7 11. g4 Bf7 12. h5 h6 13. f4 b5 14. dxc5 Bxc5 15. Nd4
Qb6 16. Kb1 O-O-O 17. Bg2 Rd7 18. Qf2 Nd8 19. Rhe1 Nb7 20. Nce2 Kb8 21. Nc1 Bb4
22. Rh1 Rc8 23. g5 Rdc7 24. gxf6 gxf6 25. Nd3 Bc3 26. Bxc3 Rxc3 27. Qh4 Ng8 28.
Bf3 Nd6 29. Rhg1 Nf5 30. Nxf5 exf5 31. Rg7 Qxe3 32. Qh1 Qa7 33. Nb4 R3c7 34.
Bxd5 Bxd5 35. Rxc7 Bxh1 36. Rxa7 Kxa7 37. Rxh1 a5 38. Nd5 Rc5 39. Rd1 Kb7 40.
Ne3 Kc7 41. Rg1 Ne7 42. Rg7 Kd6 43. Rh7 Ke6 44. c4 bxc4 45. bxc4 Rc8 46. Rxh6
Rd8 47. Rh7 Rd3 48. Nc2 Nc6 49. h6 Rh3 50. Rh8 Kf7 51. h7 Ne7 52. Nd4 Ng6 53.
Ra8 Rxh7 54. Ra7+ Kg8 55. Rxh7 Kxh7 56. Ne2 Kg8 57. Kb2 Kf7 58. Kb3 Ke6 59. Ka4
Kd6 60. Kb5 Ne7 61. Nd4 Ng6 62. Ne2 Ne7 63. a4 Nc6 64. Kb6 Nb4 65. c5+ Kd5 66.
Kb5 Na2 67. c6 Kd6 68. Kb6 Nb4 69. Nd4 Nd5+ 70. Kb7 Kc5 71. Nxf5 Kb4 72. Ka7
Kxa4 73. Ne3 Kb5 74. Nxd5 Kxc6 75. Nxf6 a4 76. Ne4 Kd5 77. Nc3+ Ke6 78. Nxa4 Kf5
79. Nc3 Kxf4 1/2-1/2

[Event "6th Sharjah Masters 2023"]
[Site "Sharjah UAE"]
[Date "2023.05.20"]
[Round "4.24"]
[White "Erdos, Viktor"]
[Black "Sanal, Vahap"]
[Result "0-1"]
[WhiteTitle "GM"]
[BlackTitle "GM"]
[WhiteElo "2565"]
[BlackElo "2600"]
[WhiteFideId "719978"]
[BlackFideId "6300545"]
[EventDate "2023.05.17"]
[EventType "swiss"]

1. e4 e5 2. Nf3 Nc6 3. d4 exd4 4. Nxd4 Nf6 5. Nxc6 bxc6 6. Bd3 d5 7. exd5 cxd5
8. O-O Be7 9. c4 O-O 10. Nc3 d4 11. Ne4 Bb7 12. Nxf6+ Bxf6 13. b4 Re8 14. a4 g6
15. Bd2 Qd7 16. h3 h5 17. b5 Kg7 18. Qc2 a6 19. c5 axb5 20. axb5 Bd5 21. Bf4
Rxa1 22. Rxa1 g5 23. c6 Qe7 24. Bd2 g4 25. hxg4 hxg4 26. Qd1 Be6 27. Bf4 Qc5 28.
Rc1 Qh5 29. Be4 Bc4 30. Rxc4 Rxe4 31. g3 Re8 32. b6 Rh8 33. Kf1 Qh1+ 34. Ke2 Qd5
35. Kd2 Qa5+ 36. Kd3 Qa3+ 37. Kd2 Qa5+ 38. Kd3 Qf5+ 39. Kd2 cxb6 40. c7 Re8 41.
Qc2 Qa5+ 42. Kd3 Qf5+ 43. Kd2 Qa5+ 44. Kd3 Qe1 45. Rxd4 Qf1+ 46. Kc3 Qb5 47. Qd1
Qd7 48. Kc4 Qc6+ 49. Kb3 Bxd4 50. Qxd4+ f6 51. Qd3 Ra8 52. Kb2 Qa4 53. Qd5 Qa1+
54. Kc2 Ra2+ 55. Kd3 Qd1+ 0-1

[Event "6th Sharjah Masters 2023"]
[Site "Sharjah UAE"]
[Date "2023.05.20"]
[Round "4.25"]
[White "Suleymanli, Aydin"]
[Black "Yuffa, Daniil"]
[Result "1-0"]
[WhiteTitle "GM"]
[BlackTitle "GM"]
[WhiteElo "2560"]
[BlackElo "2592"]
[WhiteFideId "13413937"]
[BlackFideId "24131423"]
[EventDate "2023.05.17"]
[EventType "swiss"]

1. c4 e5 2. g3 c6 3. Nf3 e4 4. Nd4 d5 5. cxd5 Qxd5 6. Nc2 Nf6 7. Nc3 Qe5 8. Bg2
Na6 9. O-O Be7 10. Ne3 O-O 11. a3 Rd8 12. b4 c5 13. Bb2 cxb4 14. axb4 Be6 15.
Qc1 Qd6 16. Nxe4 Nxe4 17. Bxe4 Qxb4 18. d4 Bf6 19. Bc3 Qe7 20. Qb2 Rac8 21. Rfd1
Rc7 22. Bf3 Rdc8 23. Ba5 Rd7 24. Ng4 b6 25. Bxb6 axb6 26. Rxa6 Rdc7 27. Qxb6 Rc1
28. Ra1 Rxa1 29. Rxa1 Bxg4 30. Bxg4 Rd8 31. e3 Qe4 32. Bh3 h5 33. Qb3 Qe7 34.
Qb6 h4 35. Ra7 Qe8 36. Rb7 hxg3 37. hxg3 Ra8 38. Qb1 g6 39. Bg2 Rd8 40. Qb3 Rd7
41. Rb8 Rd8 42. Rb6 Kg7 43. Bc6 Qf8 44. Rb7 Be7 45. Qb5 Bd6 46. Ra7 Rc8 47. e4
Rc7 48. Ra6 Bb4 49. Qe5+ 1-0

[Event "6th Sharjah Masters 2023"]
[Site "Sharjah UAE"]
[Date "2023.05.20"]
[Round "4.26"]
[White "Vescovi, Giovanni"]
[Black "Kuybokarov, Temur"]
[Result "0-1"]
[WhiteTitle "GM"]
[BlackTitle "GM"]
[WhiteElo "2606"]
[BlackElo "2566"]
[WhiteFideId "2100789"]
[BlackFideId "14203049"]
[EventDate "2023.05.17"]
[EventType "swiss"]

1. e4 e5 2. Nf3 Nc6 3. Bb5 a6 4. Ba4 Nf6 5. O-O Be7 6. d3 b5 7. Bb3 d6 8. a4 Bd7
9. c3 O-O 10. Re1 Na5 11. Bc2 c5 12. Nbd2 Re8 13. Nf1 h6 14. h3 Bf8 15. Ne3 b4
16. Nh2 Be6 17. Qf3 d5 18. Neg4 bxc3 19. bxc3 d4 20. Nxe5 dxc3 21. Bf4 Bb3 22.
Nc6 Nxc6 23. Bxb3 Nd4 24. Qd1 Nxb3 25. Qxb3 Qxd3 26. Rad1 c4 27. Qa2 Rxe4 28.
Be3 Rxe3 29. fxe3 Qf5 30. Qxc4 Rc8 31. Qd3 Qxd3 32. Rxd3 Ba3 33. Nf3 Bb2 34. Nd2 0-1

[Event "6th Sharjah Masters 2023"]
[Site "Sharjah UAE"]
[Date "2023.05.20"]
[Round "4.27"]
[White "Vidit, Santosh Gujrathi"]
[Black "Kobalia, Mikhail"]
[Result "1/2-1/2"]
[WhiteTitle "GM"]
[BlackTitle "GM"]
[WhiteElo "2731"]
[BlackElo "2578"]
[WhiteFideId "5029465"]
[BlackFideId "4119150"]
[EventDate "2023.05.17"]
[EventType "swiss"]

1. d4 d5 2. c4 c6 3. Nf3 Nf6 4. Nc3 e6 5. g3 Nbd7 6. Bg2 dxc4 7. O-O Be7 8. e4
O-O 9. Bf4 Re8 10. a4 a5 11. Qe2 b6 12. Nd2 Ba6 13. Nxc4 Rc8 14. Rfd1 Nd5 15.
Bd2 Nb4 16. Bf4 Nd5 17. Bd2 Nb4 18. Rac1 c5 19. d5 exd5 20. exd5 Bf6 21. Be3 Ne5
22. b3 Nxc4 23. bxc4 Bd4 24. Bh3 Rb8 25. Bf1 Qf6 26. Qd2 Bxe3 27. fxe3 Rbd8 28.
Qf2 Qxf2+ 29. Kxf2 Bc8 30. e4 Bd7 31. Be2 Re5 32. g4 f6 33. Kg3 Be8 34. h4 h6
35. Bf3 Kf8 36. Kf4 Ke7 37. Rd2 Kd6 38. Rg1 Bd7 39. Rh2 Rf8 40. Ke3 Rfe8 41. Kd2
Rf8 42. Be2 Rfe8 43. Bd3 Rh8 44. Bb1 Rhe8 45. Rf2 R8e7 46. Rf3 Na6 47. g5 hxg5
48. hxg5 Rxg5 49. Rxg5 fxg5 50. e5+ Rxe5 51. Rf7 Kc7 52. Rxg7 Kd8 53. Rg6 Nc7
54. Rxb6 g4 55. Bd3 Rh5 56. Be2 Bf5 57. Rd6+ Ke7 58. Rc6 Ne8 59. Rxc5 Rh2 60.
Ke3 g3 61. Rxa5 Rh3 62. Ra7+ Kf6 63. Bf3 g2 64. Ne2 Bg4 65. Ng1 Rxf3+ 66. Nxf3
Bxf3 67. Kf2 Nd6 68. Ra6 Ke5 69. Kg1 Nxc4 70. Rg6 Bxd5 71. Rxg2 Bxg2 1/2-1/2

[Event "6th Sharjah Masters 2023"]
[Site "Sharjah UAE"]
[Date "2023.05.20"]
[Round "4.28"]
[White "Sindarov, Javokhir"]
[Black "Bernadskiy, Vitaliy"]
[Result "1-0"]
[WhiteTitle "GM"]
[BlackTitle "GM"]
[WhiteElo "2661"]
[BlackElo "2592"]
[WhiteFideId "14205483"]
[BlackFideId "14100371"]
[EventDate "2023.05.17"]
[EventType "swiss"]

1. Nf3 d5 2. e3 Nf6 3. c4 e6 4. Nc3 dxc4 5. Bxc4 a6 6. d4 c5 7. e4 b5 8. Bb3
cxd4 9. Nxd4 Bb7 10. e5 Nfd7 11. Bxe6 Nxe5 12. O-O Bc5 13. Bxf7+ Kxf7 14. Qb3+
Nc4 15. Ndxb5 axb5 16. Qxb5 Nd6 17. Qxc5 Ra5 18. Qb4 Na6 19. Qb3+ Kg6 20. Bf4
Nc5 21. Qc2+ Nf5 22. Rad1 Qf6 23. Nd5 Qf7 24. g4 Bxd5 25. Qxf5+ Qxf5 26. gxf5+
Kxf5 27. Bc7 Bf3 28. Bxa5 Ra8 29. Rd8 1-0

[Event "6th Sharjah Masters 2023"]
[Site "Sharjah UAE"]
[Date "2023.05.20"]
[Round "4.29"]
[White "Socko, Bartosz"]
[Black "Sadhwani, Raunak"]
[Result "0-1"]
[WhiteTitle "GM"]
[BlackTitle "GM"]
[WhiteElo "2591"]
[BlackElo "2627"]
[WhiteFideId "1107038"]
[BlackFideId "35093487"]
[EventDate "2023.05.17"]
[EventType "swiss"]

1. d4 Nf6 2. c4 e6 3. Nf3 d5 4. g3 Bb4+ 5. Bd2 Be7 6. Bg2 O-O 7. O-O Nbd7 8. b4
c6 9. Qb3 Ne4 10. Rd1 a5 11. bxa5 Nxd2 12. Nbxd2 Qxa5 13. e4 Nb6 14. Rdb1 Nxc4
15. Nxc4 dxc4 16. Qxc4 Qa4 17. Rc1 Rd8 18. Rc2 Bf6 19. e5 Be7 20. Bf1 g5 21. h3
h5 22. Qd3 g4 23. hxg4 hxg4 24. Rc4 Qa3 25. Nh2 Qxd3 26. Bxd3 Ra3 27. Rd1 c5 28.
Bb1 b5 29. Rcc1 c4 30. Nxg4 Bb7 31. Nf6+ Kg7 32. Ne4 Bd5 33. f4 b4 34. Kf2 c3
35. Rh1 Bxa2 36. Bd3 Bd5 37. Rh5 c2 38. Ke2 Rxd3 39. Kxd3 Bxe4+ 40. Kxe4 b3 41.
Rch1 Ba3 42. d5 exd5+ 43. Kf5 b2 44. Rh7+ Kf8 45. Kf6 Be7+ 46. Kf5 Ke8 47. e6
b1=Q 48. exf7+ Kd7 0-1

[Event "6th Sharjah Masters 2023"]
[Site "Sharjah UAE"]
[Date "2023.05.20"]
[Round "4.30"]
[White "Adhiban, Baskaran"]
[Black "Ter-Sahakyan, Samvel"]
[Result "1/2-1/2"]
[WhiteTitle "GM"]
[BlackTitle "GM"]
[WhiteElo "2589"]
[BlackElo "2617"]
[WhiteFideId "5018471"]
[BlackFideId "13302531"]
[EventDate "2023.05.17"]
[EventType "swiss"]

1. e4 c5 2. Nf3 d6 3. d4 cxd4 4. Nxd4 Nf6 5. Nc3 a6 6. h3 e5 7. Nb3 Be7 8. Be3
h6 9. Qd3 Qc7 10. Be2 b5 11. O-O Nbd7 12. a4 b4 13. Nd5 Nxd5 14. exd5 O-O 15. a5
Rb8 16. Rfd1 f5 17. Ra4 Bg5 18. Bxg5 hxg5 19. Qd2 Nf6 20. Rxb4 Rxb4 21. Qxb4
Qxc2 22. Nd2 Bd7 23. Qc3 Qxc3 24. bxc3 Rb8 25. Bxa6 Ra8 26. Bb7 Rxa5 27. Nc4 Rc5
28. Nxd6 Rxc3 29. Ba6 Rc5 30. Nb7 Rc3 31. Nd6 Rc5 32. Nb7 Rc3 33. Nd6 1/2-1/2

[Event "6th Sharjah Masters 2023"]
[Site "Sharjah UAE"]
[Date "2023.05.20"]
[Round "4.31"]
[White "Muradli, Mahammad"]
[Black "Mendonca, Leon Luke"]
[Result "1/2-1/2"]
[WhiteTitle "GM"]
[BlackTitle "GM"]
[WhiteElo "2531"]
[BlackElo "2603"]
[WhiteFideId "13409301"]
[BlackFideId "35028561"]
[EventDate "2023.05.17"]
[EventType "swiss"]

1. Nf3 d5 2. d4 Nf6 3. c4 c6 4. Nc3 dxc4 5. a4 e6 6. e3 c5 7. Bxc4 Nc6 8. O-O
cxd4 9. exd4 Be7 10. Qe2 O-O 11. Rd1 Nb4 12. Bg5 Bd7 13. Ne5 Rc8 14. d5 exd5 15.
Bxd5 Nfxd5 16. Nxd5 Nxd5 17. Rxd5 Bxg5 18. Nxd7 Re8 19. Qb5 Bc1 20. Rd1 Qc7 21.
g3 a6 22. Qb3 Red8 23. Qd5 Bxb2 24. Rab1 Qc2 25. a5 g6 26. Qxb7 Bg7 27. Qb3 Qxb3
28. Rxb3 Rc7 29. Rbd3 Kh8 30. Rd5 h5 31. Kg2 Rc6 32. R1d3 Bc3 33. Rd1 Kg7 34.
Rc1 Rdc8 35. h3 Bb4 36. Rb1 Bc3 37. Rb6 R8c7 38. Kf3 f6 39. Nb8 Rc5 40. Nxa6
Rxd5 41. Nxc7 Rf5+ 42. Kg2 Bxa5 43. Ne6+ Kf7 44. Ra6 Re5 45. Nf4 Bd8 46. Ra7+
Re7 47. Ra8 1/2-1/2

[Event "6th Sharjah Masters 2023"]
[Site "Sharjah UAE"]
[Date "2023.05.20"]
[Round "4.35"]
[White "Robson, Ray"]
[Black "Iskandarov, Misratdin"]
[Result "1-0"]
[WhiteTitle "GM"]
[BlackTitle "GM"]
[WhiteElo "2704"]
[BlackElo "2577"]
[WhiteFideId "2023970"]
[BlackFideId "13400312"]
[EventDate "2023.05.17"]
[EventType "swiss"]

1. d4 Nf6 2. c4 g6 3. Nc3 Bg7 4. e4 d6 5. h3 O-O 6. Be3 a6 7. Nf3 c6 8. Bd3 b5
9. O-O Nbd7 10. e5 Ne8 11. exd6 exd6 12. c5 Ndf6 13. Qd2 Be6 14. cxd6 Nxd6 15.
Bh6 Rc8 16. Rfe1 Re8 17. Bxg7 Kxg7 18. Rac1 Qb6 19. Qf4 Rcd8 20. Re5 Bc4 21. Bb1
Bd5 22. Nxd5 cxd5 23. b3 Rc8 24. Rxe8 Rxe8 25. Ne5 Nfe4 26. Bxe4 dxe4 27. Rc5
Nf5 28. g4 Nh6 29. Qxe4 Qa5 30. Kg2 Re7 31. Qc2 Qb6 32. Qc3 Qd6 33. Nf3 f6 34.
Rc6 Qf4 35. Qc1 Qe4 36. Qc2 Qf4 37. Qc5 Rd7 38. Qc1 Qe4 39. Qc2 Qf4 40. Qe2 Nf7
41. Qe3 Qb8 42. Rxa6 Ng5 43. Rc6 Qb7 44. Rc3 Ne4 45. Rc2 b4 46. Rc4 Nc3 47. Qe6
Nd5 48. Qc6 Qa7 49. Rc5 Nf4+ 50. Kg3 Ne2+ 51. Kg2 Nf4+ 52. Kg3 Ne2+ 53. Kh2 Rf7
54. Qe4 Nc3 55. Qc2 Re7 56. Kg2 Re2 57. Qc1 Qb8 58. g5 fxg5 59. Kf1 Qe8 60. Nxg5
Qf8 61. f3 Qe7 62. Ne4 Qf7 63. Rxc3 Rxe4 64. Rc7 Re7 65. Rxe7 Qxe7 66. Qc5 Qh4
67. Qe5+ Kg8 68. Kg2 Qh6 69. Qe8+ Kg7 70. Qe7+ Kg8 71. Qe8+ Kg7 72. Qe5+ Kg8 73.
f4 Qf8 74. Qd5+ Kg7 75. Kg3 Qc8 76. Qe5+ Kg8 77. d5 Qc3+ 78. Kg4 h6 79. d6 Qd2
80. Qe6+ Kg7 81. Qe7+ Kg8 82. Qe6+ Kg7 83. Qd7+ Kg8 84. Qc8+ Kg7 85. Qb7+ Kf8
86. Qb8+ Kg7 87. Qa7+ Kf8 88. Qa8+ Kg7 89. Qb7+ Kf8 90. Qc8+ Kg7 91. Qd7+ Kg8
92. Qe8+ Kg7 93. Qe5+ Kf7 94. f5 Qg2+ 95. Kf4 g5+ 96. Ke3 Qxh3+ 97. Kf2 Qh4+ 98.
Ke2 Qg4+ 99. Kd3 Qf3+ 100. Kc4 Qc6+ 101. Kxb4 Qb6+ 102. Kc3 Qc6+ 103. Kd4 Qb6+
104. Qc5 1-0